000 00731nam a2200241 a 4500
005 20151120115645.0
008 140224b1994 -Us||||| |||| 00| 0 eng d
040 _aCO-BoIAVH
_cCO-BoIAVH
041 _aspa
044 _axxu
090 _aLB
_b00888
100 _aCintrón, Gilberto
_99734
245 _aManual de métodos para la caracterización y monitoreo de arrecifes de coral
260 _aWashington
_bWWF International
_c1994
300 _a67 p.
650 _aMétodos de campo
_93855
650 _aMonitoreo biológico
_93265
650 _aArrecifes coralinos
_93691
650 _aCaracterización biológica
_92833
700 _aGarcía, Jorge Reni
_99735
700 _aGeraldes, Francisco
_99736
942 _cINFORME
_2z
999 _c900
_d900